| 000 | 00674nam a2200181Ia 4500 | ||
|---|---|---|---|
| 008 | 100920s9999 xx 000 0 und d | ||
| 082 |
_b106680 _a891.43 न 09 |
||
| 100 | _aअम्बेडकर बी. आर . | ||
| 245 | _aअन्याय कोई परंम्परा नही. | ||
| 260 |
_bसंगीता प्रकाशन, दिल्ली. _c2009 |
||
| 300 |
_a144 _bसाधी |
||
| 365 | _b195 | ||
| 520 | _aहिंदी. | ||
| 630 | _aअन्याय कोई परंम्परा नही. | ||
| 650 | _aहिंदी. | ||
| 730 | _aअन्याय कोई परंम्परा नही. | ||
| 942 | _cBOOK | ||
| 999 |
_c747105 _d747102 |
||